mysqli: Table './ulib62015/stat_globaluid' is marked as crashed and should be repaired
select id from stat_globaluid where statuid='20260517235204_626'
mysqli: Table './ulib62015/stat_globaluid' is marked as crashed and should be repaired
DELETE FROM stat_globaluid
WHERE id NOT IN (
SELECT id
FROM (
SELECT id
FROM stat_globaluid
ORDER BY id DESC
LIMIT 100
) foo
);
mysqli: Table './ulib62015/stat_globaluid' is marked as crashed and should be repaired
insert into stat_globaluid set
statuid='20260517235204_626',
dt='1779036724',
phpself='/ULIB62015/dublinfull.php',
agent='Mozilla/5.0 AppleWebKit/537.36 (KHTML, like Gecko; compatible; ClaudeBot/1.0; +claudebot@anthropic.com)',
yea='2026',
mon='5',
dat='17',
ip='216.73.216.45'
mysqli: Table './ulib62015/stathist_viewbib_bib_type' is marked as crashed and should be repaired
insert into stathist_viewbib_bib_type set
dat='17' ,
mon='05' ,
yea='2026' ,
statuid='20260517235204_626' ,
head='29595' ,
foot='marc' ,
dt='1779036724'
LEADER : 01174nam 2200277 a 4500
008 030417s2004 caua sb 001 0 eng
020 ^a-
060 ^aN232A
082 ^aวจQX
100 ^aNARONGSAK BOOMKHAO
245 ^aAN IMMUNOMAGNETIC SEPARATION POLYMERASE CHAIN REACTION ASSAY FOR CRYPTOSPORIDIUM DETECTION IN WATERS COLLECTED FROM TSUNAMI AFFECTED AREAS IN SOUTHERN THAILAND
รายการใกล้เคียง ชื่อเรื่อง [AN IMMUNOMAGNETIC SEPARATION POLYMERASE CHAIN REACTION ASSAY FOR CRYPTOSPORIDIUM DETECTION IN WATERS COLLECTED FROM TSUNAMI AFFECTED AREAS IN SOUTHERN THAILAND]